Γνώσεις και στάσεις των μαθητών της ΣΤ' τάξης του Δημοτικού σχολείου για το Dama Dama (Πλατόνι) της Ρόδου με τη συμβολή του Project : υλοποίηση του προγράμματος Π.Ε. στο πλαίσιο της εφαρμογής της Ευέλικτης Ζώνης : διπλωματική εργασία
Αποθηκεύτηκε σε:
| Κύριος συγγραφέας: | |
|---|---|
| Συγγραφή απο Οργανισμό/Αρχή: | |
| Άλλοι συγγραφείς: | |
| Μορφή: | Thesis Βιβλίο |
| Γλώσσα: | Greek |
| Δημοσίευση: |
2009
|
| Θέματα: | |
| Διαθέσιμο Online: | http://hdl.handle.net/11610/15721 |
| Ετικέτες: |
Προσθήκη ετικέτας
Δεν υπάρχουν, Καταχωρήστε ετικέτα πρώτοι!
|
MARC
| LEADER | 00000cam a2200000 i 4500 | ||
|---|---|---|---|
| 001 | 1/9585 | ||
| 008 | 100720s2009 gre d | ||
| 035 | |l 10108695 | ||
| 040 | |a GR-MY-UA |b gre |e aacr | ||
| 041 | 0 | |a gre | |
| 082 | 0 | |a 333.73137 |2 (22) | |
| 100 | 1 | |a Χουρδάκης, Γεώργιος. | |
| 245 | 1 | 0 | |a Γνώσεις και στάσεις των μαθητών της ΣΤ' τάξης του Δημοτικού σχολείου για το Dama Dama (Πλατόνι) της Ρόδου με τη συμβολή του Project : |b υλοποίηση του προγράμματος Π.Ε. στο πλαίσιο της εφαρμογής της Ευέλικτης Ζώνης : διπλωματική εργασία / |c Γεώργιος Χουρδάκης ; επιβλέπων: Εμμανουήλ Κόνσολας |
| 260 | |c 2009 | ||
| 300 | |a 218 σ.; |c 30 εκ. | ||
| 500 | |a Μέλη εξεταστικής επιτροπής: Σταμάτης Παναγιώτης, Ζαχαρίου Αραβέλλα | ||
| 502 | |a Διατριβή (μεταπτυχιακή) – Πανεπιστήμιο Αιγαίου, Ρόδος, 2009. | ||
| 504 | |a Βιβλιογραφία: σ. 180-192 | ||
| 650 | 0 | |a Fallow deer |z Greece |z Rhodes (Island) | |
| 650 | 0 | |a Students |z Greece |z Rhodes (Island) |x Attitudes. | |
| 650 | 0 | 0 | |a Environmental education |x Case studies. |
| 650 | 0 | 0 | |a Dissertations, Academic |z Greece. |
| 700 | 1 | |a Κόνσολας, Μάνος Ν. |4 ths | |
| 710 | 2 | |a Πανεπιστήμιο Αιγαίου |b Σχολή Ανθρωπιστικών Επιστημών |b Τμήμα Επιστημών της Προσχολικής Αγωγής και του Εκπαιδευτικού Σχεδιασμού |b Πρόγραμμα Μεταπτυχιακών Σπουδών Περιβαλλοντική Εκπαίδευση. | |
| 852 | |a INST |b RHODES |c DIATR |e 20110404 |h 333.73137 ΧΟΥ |p 005400032841 |q 005400032841 |t MTXE |y 23 | ||
| 852 | |a INST |b RHODES |c DIATR |e 20110404 |h 333.73137 ΧΟΥ |p 005400032842 |q 005400032842 |t MTXE |y 23 | ||
| 856 | |u http://hdl.handle.net/11610/15721 | ||
| 901 | |a BIBL4-2010-2 | ||
| 909 | |a Ρ |b 163332 | ||
| 909 | |a Ρ |b 163333 | ||
| 924 | |a ΧΟΥΡΔΑΚΗΣ |b ΓΕΩΡΓΙΟΣ |y ΡΟΔΟΣ |z 2010-06 | ||
| 970 | |a ΚΟΖΑ |b ΜΑΡΙΑ |z 2010/07/20 | ||